000 00871nam a2200265Ia 4500
003 OSt
005 20220923211111.0
006 a|||||r|||| 00| 0
007 ta
008 220922b |||||||| |||| 00| 0 hin d
020 _a8181431057 (hbk)
_c125
024 _a235,368
037 _b479, 21/03/2008, Vani Prakashan
_cTextual
040 _aARTS
_cARTS
_bhin
041 _2hin
_ahin
082 _aO152,3N40x, P4
100 _aकालिया, ममता
_9158242
245 0 _aनिर्मोही
246 _aNirmohī
260 _aनई दिल्ली
_b वाणी प्रकाशन
_c2004
300 _a117पृ.
_ccm.
650 _aहिन्दी साहित्य
_9156264
942 _hO152,3N40x, P4
_cTEXL
_2CC
999 _c295247
_d295247